000
00367nam a2200145Ia 4500
008
191206s9999 xx 000 0 und d
020
_a
23788909
090
_a
HD31.M17
245
0
_a
Management: foundations and practices
250
_a
5th ed.
260
_a
Macmillan
260
_c
cc1979
300
_a
"ix, 657 p. : ill. ; 24 cm."
999
_c
16423
_d
16423